000
00328nam a2200121 a 4500
005
20140414131846.0
008
100526s19uu xx 00 eng d
050
_a
M 220.9
_b
Sa9 1988
100
_a
Saxena, Vinay
245
_a
The beginning. /
_c
Vinay Saxena.
260
_a
Delhi, India :
_b
Dreamland Pub.,
_c
1988.
999
_c
109943
_d
109943